Právo medzinárodných obchodných transakcií
Gespeichert in:
| 1. Verfasser: | |
|---|---|
| Format: | Buch |
| Sprache: | Slowakisch |
| Veröffentlicht: |
Bratislava
C. H. Beck
2013
|
| Schriftenreihe: | Beckove príručky pre právnu prax
|
| Schlagworte: | |
| Tags: |
Keine Tags, Fügen Sie das erste Tag hinzu!
|
MARC
| LEADER | 00000nam a2200000 4500 | ||
|---|---|---|---|
| 001 | 0177940 | ||
| 005 | 20240313133410.2 | ||
| 020 | |a 978-80-89603-07-7 | ||
| 041 | 0 | |a slo | |
| 044 | |a SK | ||
| 245 | 1 | 0 | |a Právo medzinárodných obchodných transakcií |c Martin Maxa |
| 264 | 1 | |a Bratislava |b C. H. Beck |c 2013 | |
| 300 | |a xvii, 286 s. | ||
| 490 | 1 | |a Beckove príručky pre právnu prax | |
| 830 | 0 | |a Beckove príručky pre právnu prax | |
| 610 | 2 | 0 | |a právo obchodné |
| 610 | 2 | 0 | |a právo medzinárodné |
| 610 | 2 | 0 | |a právo súkromné medzinárodné |
| 610 | 2 | 0 | |a vzťahy zmluvné |
| 610 | 2 | 0 | |a zmluvy |
| 610 | 2 | 0 | |a zmluvy kúpne |
| 610 | 2 | 0 | |a zmluvy prepravné |
| 610 | 2 | 0 | |a súdy |
| 100 | 1 | |a Maxa, Martin | |